|
|
|
|
| LEADER |
00000nam0a2200000 4500 |
| 001 |
269300 |
| 005 |
20231101234237.0 |
| 035 |
|
|
|a (RuTPU)RU\TPU\book\292474
|
| 035 |
|
|
|a RU\TPU\book\292473
|
| 090 |
|
|
|a 269300
|
| 100 |
|
|
|a 20140916d1910 k y0rusy50 ca
|
| 101 |
0 |
|
|a rus
|
| 102 |
|
|
|a RU
|
| 105 |
|
|
|a a z 000zy
|
| 200 |
1 |
|
|a Неправильность постановки дела исследования атмосферы в России
|f Н. П. Каменьщиков
|
| 210 |
|
|
|a Санкт-Петербург
|c Типо-Литография Ю. Я. Римана
|d 1909
|
| 215 |
|
|
|a 23 с.
|c ил.
|
| 300 |
|
|
|a Отдельный оттиск из журнала "Библиотека Воздухоплавания" ("Вестник Воздухоплавания") за 1910 г., №3.
|
| 316 |
|
|
|5 63413507: 26//4437
|a На обложке надпись: "К прошению от 22.4.1910."
|
| 606 |
1 |
|
|a Атмосфера
|2 stltpush
|3 (RuTPU)RU\TPU\subj\29618
|9 52906
|
| 610 |
1 |
|
|a выпускники ТПУ
|
| 610 |
1 |
|
|a коллекция ТПУ
|
| 610 |
1 |
|
|a змеи
|
| 610 |
1 |
|
|a летательные аппараты
|
| 610 |
1 |
|
|a метеографы
|
| 610 |
1 |
|
|a водород
|
| 610 |
1 |
|
|a добывание
|
| 610 |
1 |
|
|a приборы
|
| 610 |
1 |
|
|a исследования
|
| 675 |
|
|
|a 551.51
|v 3
|
| 700 |
|
1 |
|a Каменщиков (Каменьщиков)
|b Н. П.
|c географ, астроном, педагог
|c студент Томского технологического института
|f 1881-1939
|g Николай Петрович
|2 stltpush
|3 (RuTPU)RU\TPU\pers\46685
|
| 801 |
|
1 |
|a RU
|b 63413507
|c 20140916
|
| 801 |
|
2 |
|a RU
|b 63413507
|c 20210121
|g RCR
|
| 942 |
|
|
|c BK
|